000 00376nam a2200145Ia 4500
008 240624s9999 xx 000 0 und d
041 _aeng
082 _a658.8 LIL
100 _aLILIEN GARY L
245 _aMARKETING ENGINEERING COMPUTER ASSISTED
250 _a(2nd ed.)
260 _c2003
_aNew Delhi
_bPearson Education
300 _axxiv, : 518 : p. : cm. ; 24
365 _cRS
999 _c534
_d534